000 00583nam a22001697a 4500
003 NUST - PNEC
005 20170116180755.0
008 150402b xxu||||| |||| 00| 0 eng d
040 _cLIBRARY
082 _a297.63 ARS
100 _92035
_aArshad, Mohammad
245 _aMoments of reverence: A collection of poems on life and teachings of Prophet Mohammad(Peace be upon him)
_cMajor General Mohammad Arshad Chaudhry
260 _aRawalpindi:
_bService Book Club,
_cc1993
300 _a79 p. :
_c22 cm.
650 _92038
_aIslam, Prophet Mohammad Life
_xGeneral
942 _2ddc
_cBK
999 _c62720
_d62720